Central Library OPAC University of Rajshahi

Islamic culture : (Record no. 33014)

MARC details
000 -LEADER
fixed length control field 00726cam a2200253 a 4500
001 - CONTROL NUMBER
control field 33014
003 - CONTROL NUMBER IDENTIFIER
rucl marc code BD-RjUL
005 - DATE AND TIME OF LATEST TRANSACTION
control field 20211209051931.0
008 - FIXED-LENGTH DATA ELEMENTS--GENERAL INFORMATION
fixed length control field 140429s1953 ii qrzp 0 a0eng
035 ## - SYSTEM CONTROL NUMBER
System control number (BD-RjUL)33104
System control number (BD-RjUL)
040 ## - CATALOGING SOURCE
Original cataloging agency DLC
Language of cataloging eng
Transcribing agency MnMULS
Modifying agency BD-RjUL
041 ## - LANGUAGE CODE
Language code of text/sound track or separate title eng
082 00 - DEWEY DECIMAL CLASSIFICATION NUMBER
Classification number 297
Author mark and year ISL V-27 1953
245 00 - TITLE STATEMENT
Title Islamic culture :
Remainder of title an english quarterly /
Statement of responsibility, etc. Islamic Culture Board.
Number of part/section of a work Volume XXVII
260 ## - PUBLICATION, DISTRIBUTION, ETC. (IMPRINT)
Place of publication, distribution, etc. Hyderabad, Deccan :
Name of publisher, distributor, etc. Arafat Press,
Date of publication, distribution, etc. 1953.
300 ## - PHYSICAL DESCRIPTION
Pagination 274 p. :
Illustrations ill. ;
Size 25 cm..
650 #0 - SUBJECT ADDED ENTRY--TOPICAL TERM
Topical term or geographic name as entry element Islam.
9 (RLIN) 100325
Topical term or geographic name as entry element Islamic civilization.
9 (RLIN) 100326
710 2# - ADDED ENTRY--CORPORATE NAME
Corporate name or jurisdiction name as entry element Islamic Culture Board.
9 (RLIN) 100328
942 ## - ADDED ENTRY ELEMENTS (KOHA)
Source of classification or shelving scheme Dewey Decimal Classification
Koha item type Books
Holdings
Lost status Source of classification or shelving scheme Damaged status Not for loan Collection code Permanent Location Current Location Shelving location Date acquired Total Checkouts Full call number Date last seen Copy number Koha item type
  Dewey Decimal Classification   Not For Loan Non-fiction Central Library, University of Rajshahi Central Library, University of Rajshahi Reading Room 30/07/1959   297 ISL V-27 1953 29/04/2014 C-1 Books